|
|
|
|
| LEADER |
01344nam a2200325 a 4500 |
| 001 |
4599384 |
| 008 |
090519s1976 maua b 001 0 eng d |
| 010 |
|
|
|a 76047792
|
| 020 |
|
|
|a 0262070677
|
| 040 |
|
|
|a DLC
|c DLC
|d DLC
|
| 060 |
|
|
|a WQ205 G816r
|
| 082 |
0 |
0 |
|a 613.9/43
|2 18
|
| 100 |
1 |
|
|a Greep, Roy Orval,
|d 1905-
|
| 245 |
1 |
0 |
|a Reproduction and human welfare :
|b a challenge to research : a review of the reproductive sciences and contraceptive development /
|c sponsored by the Ford Foundation ; Roy O. Greep, Marjorie A. Koblinsky, Frederick S. Jaffe.
|
| 260 |
|
|
|a Cambridge :
|b MIT Press,
|c c1976.
|
| 300 |
|
|
|a xx, 622 p. :
|b ill. ;
|c 24 cm.
|
| 504 |
|
|
|a Includes bibliographies and indexes.
|
| 541 |
1 |
|
|e 00004601
|
| 650 |
|
0 |
|a Contraception
|x Research.
|
| 650 |
|
0 |
|a Human reproduction
|x Research.
|
| 650 |
|
0 |
|a Contraceptives
|x Research.
|
| 650 |
|
2 |
|a Reproduction.
|
| 650 |
|
2 |
|a Contraception.
|
| 650 |
|
2 |
|a Family planning.
|
| 700 |
1 |
|
|a Koblinsky, Marjorie A.,
|e joint author.
|
| 700 |
1 |
|
|a Jaffe, Frederick S.,
|e joint author.
|
| 710 |
2 |
|
|a Ford Foundation.
|
| 852 |
4 |
|
|a <add your library>
|j <shelf mark>
|
| 999 |
|
|
|c 846
|d 846
|
| 952 |
|
|
|0 0
|1 0
|2 ddc
|4 0
|6 613_943000000000000_GRE_1976
|7 0
|8 NFIC
|9 789
|a BRACUL
|b BRACUL
|c GEN
|d 2009-05-19
|g 0.00
|l 0
|o 613.943 GRE
|p 3010004601
|r 2009-05-19
|t 1
|w 2009-05-19
|y BK
|x No price found in the accession register.
|